00489 2200205 4500001002100000005001500021008004100036020001800077035001900095041000700114082001000121090001800131100001700149245002100166250000900187260004100196300001800237500001000255650001800265INLIS00000000000537820241224113105241224||||||||| | ||| |||| || |  a979-663-952-1 0010-1224005378 aid0 a741.5 a741.5 GOS d/80 aAOYAMA GOSHO00aDetektif Conan 8 aED.1 aJakartabElex Media Komputindoc1997 a187 HLM,;17CM aCET 1 0aILMU KESENIAN